Казанского Г.

Доступно только в Электронных читальных залах Найти на картеНа карте
RUSMARC
00003707nac2a22002771x 450
00146040e53-ca15-46d6-8c4f-64ce78eea158
00520131220223854.0
100##$a20130529l19201921k y0rusy50 ca
1010#$arus
102##$aRU
105##$ay z |||||
2001#$aКазанского Г.
$j1920-1921
215##$a8 листов
251##$cДело
300##$aЗаголовок дела на папке: Письма Казанского Г. Кони А. Ф.
300##$a2 письма
300##$aРукописный текст
330##$aПереписка А. Ф. Кони; Письма к А. Ф. Кони
461#0$10013a54f2e3-e9cf-409b-80fa-f0a9bd3c40cb
$12001
$aКони Анатолий Федорович, юрист, литератор, член академии наук, председатель Санкт-Петербургского окружного суда, член государственного совета
$1251
$cФонд
$1852
$j564
462#0$100178a475cd-a47d-4377-bff3-cee4b81de655
$12001
$aОпись дел фонда А. Ф. Кони за 1880-1931 гг.
$1251
$cОпись
$1852
$j1
517##$aПисьма Казанского Г. Кони А. Ф.
600#1$aКони
$bА. Ф.
$f1844-1927
$gАнатолий Федорович
600#1$aКазанский
$bГ.
801#0$aRU
$bGA_RF
801#1$aRU
$bНПО Опыт
$c20130529
$2rusmarc
801#2$aRU
$bПБ им. Б.Н. Ельцина
$c20131220
$gRCR
$2rusmarc
852##$aГА РФ
$j1997
937##$d42350993
$hПБ
035##$aRuPRLIB51003133
Формат отображения